Marés altas (Record no. 46295)

MARC details
000 -Etiqueta do registo
Valores 00713nam a2200253 4500
010 ## - Número ISBN
ISBN 9789898032225
021 ## - Número do Depósito Legal
Número 268684/07
100 ## - Dados gerais de processamento
Dados gerais 20140311d2013 m y0pory50030103ba
101 1# - Língua de publicação
Língua por
102 ## - País de publicação
País PT
200 1# - Titulo e menção de responsabilidade
Título próprio Marés altas
Primeira menção de responsabilidade Nora Roberts
Outras menções de responsabilidade trad. Ana Beatriz Manso
-- rev. Idalina Morgado
205 ## - Menção da edição
Edição 1.ª ed.
210 ## - Publicação
Local de publicação Parede
Nome do editor Chá das Cinco,
Data de publicação 2008
215 ## - Descrição física 
Paginação / Volumes 269, [2] p.
Outras indicações físicas il.
Dimensões 23 cm
225 2# - Colecção 
Título próprio da colecção A saga da baía de Chesapeake
304 ## - Nota relativa ao título
Texto de nota Tít. orig.: Rising Tides
675 ## - CDU
Notação 821.111(73)-31"19/20"
Edição BN
Língua por
700 #1 - Autor principal
Apelido Roberts,
Nome Nora,
702 #1 - Autor secundário
Apelido Morgado,
Nome Idalina
Função 675
702 #1 - Autor secundário
Apelido Manso,
Nome Ana Beatriz
Função 730
801 #0 - Fonte de origem
País PT
Agência BN
Regras de catalogação RPC
990 ## - Elementos KOHA
Tipo de documento Livro
Holdings
Aquisição Empréstimo Código de barras Cota Permissão de empréstimo Tipo de documento Nota relativa ao exemplar
Biblioteca Municipal de Redondo Biblioteca Municipal de Redondo 057410 821.111(73)-3 ROB   Livro oferta de Franklim Amaro Cabreirinha

Powered by Koha